000 00813nam a2200265 i 4500
001 000009907
003 DO-SdBNP
005 20240412074213.0
007 ta
008 091002s1999 dr a 000 p spa d
040 _aDO-SdBNP
_bspa
_cBNPHU
_erda
082 4 _aRD861.44
_bL258e
_222
100 1 _aLandolfi, Ciriaco
_924264
_eautor
245 1 0 _aEdades del amor y otras edades /
_cCiriaco Landolfi.
264 _aSanto Domingo :
_bCorripio,
_c1999.
300 _a209 páginas :
_bilustraciones ;
_c22 cm.
336 _2rdacontent
_atexto
_btxt
337 _2rdamedia
_asin mediación
_bn
338 _2dacarrier
_avolumen
_bnc
590 _aInventariado, 2018/LP
650 0 _aPoesía dominicana
_966
650 0 _aLiteratura dominicana.
_967
910 _aValidado. Control de calidad BNPHU
942 _2ddc
_cLBS1
999 _c9666
_d9666